000 00315nam a2200133Ia 4500
008 150201s2011 xx 000 0 und d
082 _a615
_bC011J
100 _aJAIN,NK
245 _aCONTROLLED AND NOVEL DRUG DELIVEERY
250 _a1ST
260 _bCBS
_aDELHI
_c2011
650 _aPHARMACOLOGY
942 _2ddc
_cBK
999 _c1190
_d1190